000 00951nam a2200265Ia 4500
003 OSt
005 20220923220507.0
006 a|||||r|||| 00| 0
007 ta
008 220922b |||||||| |||| 00| 0 hin d
024 _a186,969
037 _cTextual
040 _aARTS
_cARTS
_bhin
041 _2hin
_ahin
082 _aX62, 152K3
100 _aमिश्र, अवधबिहारी
245 0 _aभारत में मुद्रा और बैंकिंग का विकास
246 _aBhārat mean mudrā aur baiankianga kā vikāsa
260 _aउतर प्रदेश
_b हिन्दी समिति
_c1963
300 _a290पृ.
_ccm.
490 _aहिन्दी समिति ग्रंथमाला; 80
650 _aअर्थशास्त्र
942 _hX62, 152K3
_cTEXL
_2CC
999 _c340212
_d340212